La lozana andaluza

Saved in:
书目详细资料
主要作者: Delicado, Francisco (Author)
格式: 图书
语言:西班牙语
出版: Buenos Aires Nuevo Romance 1942
丛编:Libros raros y curiosos
主题:
标签: 添加标签
没有标签, 成为第一个标记此记录!

MARC

LEADER 00000nam a2200000 a 4500
001 UCQ1980
003 CL-VaPUC
008 980721e19420000AG |||||||||||||||||spa|d
082 0 4 |a 863  |b DEL  |2 21 
100 0 |a Delicado, Francisco  |e author  |9 317115 
245 1 3 |a La lozana andaluza 
300 |a 230 p 
942 |c BK 
945 |d 19980721 00:00:00  |a lriquelm 
260 |a Buenos Aires  |b Nuevo Romance  |c 1942 
650 0 |a Novelas españolas  |9 265052 
650 0 |a Literatura española  |9 306261 
583 |a last modification  |c 19980721 00:00:00  |k Rodrigo Vera 
490 0 |a Libros raros y curiosos 
999 |c 272823  |d 272821 
952 |0 0  |1 0  |4 0  |6 863_000000000000000_DEL_1942  |7 0  |8 A  |9 307998  |a BIBEDU  |b BIBEDU  |d 2019-11-20  |i 1438522  |o 863 DEL 1942  |p 1438522  |r 2019-11-20  |w 2019-11-20  |y BK  |k LIT